The Pearson guide to objective Physics for the AIEEE: (Record no. 35119)

MARC details
000 -LEADER
fixed length control field 00988nam a22002417a 4500
005 - DATE AND TIME OF LATEST TRANSACTION
control field 20100407105636.0
008 - FIXED-LENGTH DATA ELEMENTS--GENERAL INFORMATION
fixed length control field 100407t xxu||||| |||| 00| 0 eng d
010 ## - LCCN (DPL NO)
LC control number ENG-95982
020 ## - INTERNATIONAL STANDARD BOOK NUMBER
International Standard Book Number 9788131729045
Terms of availability 625.00
035 ## - SYSTEM CONTROL NUMBER
System control number EN-79515
037 ## - SOURCE OF ACQUISITION
Source of stock number/acquisition DBAD/VEN
040 ## - CATALOGING SOURCE
Original cataloging agency dpl
Language of cataloging English
082 ## - DEWEY DECIMAL CLASSIFICATION NUMBER
Classification number 530
100 ## - MAIN ENTRY--PERSONAL NAME
Personal name Dudeja, Ravi Raj
245 ## - TITLE STATEMENT
Title The Pearson guide to objective Physics for the AIEEE:
Statement of responsibility, etc by Ravi Raj Dudeja
Remainder of title All India Engineering entrance Examination/
250 ## - EDITION STATEMENT
Edition statement 3rd ed.
260 ## - PUBLICATION, DISTRIBUTION, ETC. (IMPRINT)
Place of publication, distribution, etc Delhi
Name of publisher, distributor, etc Dorling Kindersley (India) Pvt. Ltd. Licensees of Pearson Education
Date of publication, distribution, etc 2010
270 ## - ADDRESS
Address 14, Local Shopping Centre, Panchsheel Park
City Delhi
Postal code 110017
300 ## - PHYSICAL DESCRIPTION
Extent Various pagings
Dimensions 28 cm. (pbk)
942 ## - ADDED ENTRY ELEMENTS (KOHA)
Institution code [OBSOLETE] dpl
Item type English Books
Source of classification or shelving scheme Dewey Decimal Classification
Call number suffix DUD
Edition 3rd ed.
Classification part 530
Holdings
Withdrawn status Lost status Source of classification or shelving scheme Materials specified (bound volume or other part) Damaged status Not for loan Collection code Home library Current library Date acquired Source of acquisition Cost, normal purchase price Total Checkouts Full call number Barcode Date last seen Copy number Cost, replacement price Koha item type
    Dewey Decimal Classification Pbk   Not For Loan Non-fiction D.B.Act.Division D.B.Act.Division 26/02/2010 DBAD/VEN 625.00   530 DUD EN-79515 07/04/2010 1 625.00 English Books

© Delhi Public Library
Hit Counter
free hit counter